Normal view
MARC view
Entry Personal Name
001 - CONTROL NUMBER
- control field: 14116
003 - CONTROL NUMBER IDENTIFIER
- control field: HDC
005 - DATE AND TIME OF LATEST TRANSACTION
- control field: 20230624073426.0
008 - FIXED-LENGTH DATA ELEMENTS
- fixed length control field: 210212|| aca||aabn | a|a d
040 ## - CATALOGING SOURCE
- Original cataloging agency: HDC
- Transcribing agency: HDC
100 ## - HEADING--PERSONAL NAME
- Personal name: Rustam Djalilov
670 ## - SOURCE DATA FOUND
- Source citation: Work cat.: (HDC): Rustam Djalilov, Islamic Banking Could Be Coming to the North Caucasus, 2017
